000 00288nam a22001337a 4500
003 SGT
082 _aAHS 275
100 _aAHSAN,ZAFAR
245 _aTENSORS: MATHEMATICS OF DIFFERENTIAL
260 _aNEW DELHI
_bPHI
_c2015
300 _a232
650 _aMATHEMATICS
942 _2ddc
_cFPS
999 _c10116
_d10116